Welcome to the Holygrace Academy Library

Please use search bar below to get started

MALGUDI LANDSCAPES (Record no. 3624)

MARC details
000 -LEADER
fixed length control field 00510nam a22001337a 4500
082 ## - DEWEY DECIMAL CLASSIFICATION NUMBER
Classification number 823
Item number NAR/M
100 ## - MAIN ENTRY--AUTHOR NAME
Personal name NARAYAN, R.K
245 ## - TITLE STATEMENT
Title MALGUDI LANDSCAPES
260 ## - PUBLICATION, DISTRIBUTION, ETC. (IMPRINT)
Place of publication DELHI
Name of publisher PENGUIN BOOKS
Year of publication 1992
300 ## - PHYSICAL DESCRIPTION
Number of Pages 398
520 ## - SUMMARY, ETC.
Summary, etc It is the story of Raja, a circus tiger, cruelly trained and treated by his owner, who escapes one day and terrorizes the people of Malgudi, and is befriended by a holy man, who rescrues him from the blood thirsty and terrified townsfolk.
650 ## - SUBJECT ADDED ENTRY--TOPICAL TERM
Topical Term NOVEL
Geographic subdivision INDIA
942 ## - ADDED ENTRY ELEMENTS (KOHA)
Koha item type Books
Holdings
Withdrawn status Lost status Collection code Home library Current library Shelving location Date acquired Source of acquisition Cost, normal purchase price Full call number Accession Number Koha item type
    Fiction Main Library Main Library SHELF-14-I- ALPHABETICAL N,O --ENGLISH NOVELS & FICTIONS 28/07/2010 purchase 295.00 823 NAR/M 05523 Books